| 000 | 00418nam a22001577a 4500 | ||
|---|---|---|---|
| 003 | OSt | ||
| 005 | 20251021111715.0 | ||
| 008 | 251021b |||||||| |||| 00| 0 eng d | ||
| 022 | _a996647238X | ||
| 040 | _cPHOENIX PUBLISHERS LTD | ||
| 050 | _aPL 8704 .W35 2003 | ||
| 245 |
_aMGOMBA CHANGARAWENI _cWALIBORA, KEN |
||
| 250 | _a1ST EDITION | ||
| 260 |
_aKIJABE,NAIROBI _bPHOENIX PUBLISHERS LTD _c2003 |
||
| 942 |
_2lcc _cBK _n0 |
||
| 999 |
_c9686 _d9686 |
||